| 000 | 01283nam a2200349 i 4500 | ||
|---|---|---|---|
| 999 |
_c65486 _d65486 |
||
| 001 | 768714001 | ||
| 003 | CO-MdFUSB | ||
| 005 | 20200907155031.0 | ||
| 007 | ta | ||
| 008 | 200317t1991 -us |||| |||| 00| 0 eng d | ||
| 020 | _a0943575389 | ||
| 040 |
_aCO-MdFUSB _bspa _cCO-MdFUSB _dCO-MdFUSBC _erda |
||
| 041 | _aeng | ||
| 082 |
_223 _a227.7077 _bP761 |
||
| 100 |
_aPokorný, Petr. _eautor |
||
| 245 | 1 |
_aColossians : _ba commentary _c/ Petr Pokorný ; traducido por Siegfried S. Schatzmann. |
|
| 264 | 1 |
_aEstados Unidos : _bHendrickson Publishers, _c[1991] |
|
| 264 | 4 | _c© 1991 | |
| 300 |
_a232 páginas _c; 24 cm |
||
| 336 |
_2rdacontent _atexto _btxt |
||
| 337 |
_2rdamedia _asin mediación _bn |
||
| 338 |
_2rdacarrier _avolumen _bnc |
||
| 500 | _aColección Dawn Christina Harrell | ||
| 504 | _aIncluye referencias bibliográficas | ||
| 505 | _aCuestiones de autoría y género literario. -- Posición en el marco o el cuerpo paulino. -- Sobre el carácter deuteropaulina de los colosenses. -- Estructura y problema de los comentarios. -- Estructura de un argumento teológico | ||
| 563 | _aTapa dura | ||
| 630 | 0 | 7 |
_aBiblia. _pNuevo Testamento |
| 700 |
_93076 _aSchatzmann, Siegfried S. _etraductor |
||
| 942 | _cREF | ||
| 945 | _aJTF-925 | ||